[Event "ch-IRI Semi-Final"]
[Site "Tehran IRI"]
[Date "2005.08.07"]
[Round "5"]
[White "Soozankar,A"]
[Black "Sharbaf,M"]
[Result "1/2-1/2"]
[WhiteElo "2251"]
[BlackElo "2346"]

1.e4 c5 2.Nf3 Nc6 3.Bb5 e6 4.O-O Nge7 5.c3 a6 6.Ba4 c4 7.Bc2 d5 8.b3 b5 9.exd5 Qxd5
10.bxc4 bxc4 11.Na3 Nf5 12.Bxf5 exf5 13.Qe2+ Be6 14.Ng5 Ne5 15.Nc2 Nd3 16.Nd4 Nf4
17.Qf3 Qxf3 18.Ngxf3 Bd6 19.Rb1 O-O 20.Nxe6 fxe6 21.Rb6 Bc5 22.Rc6 Nd3 23.Nd4 e5
24.Nc2 Rfc8 25.Rxc8+ Rxc8 26.Ba3 Ba7 27.Nb4 e4 28.Nxd3 cxd3 29.Rb1 Rc4 30.Rb7 Ra4
31.Bb4 Rxa2 32.g3 Bxf2+ 33.Kxf2 Rxd2+ 34.Ke3 Re2+ 35.Kf4 d2 36.Rd7 e3 37.c4 Re1
38.Bxd2 exd2 39.Rxd2 Re4+ 40.Kxf5 Rxc4 41.Rd8+ Kf7 42.Rd7+ Kf8 43.Ra7 Rc5+
44.Kf4 Rc6 45.Kf5 h6 46.g4 Kg8 47.h4 Kh7 48.Ra8 Rf6+ 49.Ke5 Rb6 50.h5 Rb5+
51.Ke4 Ra5 52.Kf3 Ra3+ 53.Kg2 g5 54.Ra7+ Kg8 55.Ra8+ Kf7 56.Ra7+ Kf6 57.Rh7 Ke5
58.Rxh6 Kf4 59.Rc6 Ra2+ 60.Kf1 Kf3 61.Rc3+ Kxg4 62.h6 Rh2 63.Rc4+ Kf3 64.Rc3+ Kf4
65.Rc4+ Ke3 66.Rc3+ Ke4 67.Rc6 a5 68.Rc5 a4 69.Ra5 Kf3 70.Kg1 Rh4 71.h7 g4
72.Rxa4 Rxh7 73.Ra3+ Kf4 74.Kg2 Rb7 75.Ra4+ Kg5 76.Ra8 Rb2+ 77.Kg3 Rb3+ 78.Kg2  1/2-1/2

[Event "ch-IRI Semi-Final"]
[Site "Tehran IRI"]
[Date "2005.08.07"]
[Round "5"]
[White "Mohammadi,H"]
[Black "Mahdavirad,M"]
[Result "0-1"]
[WhiteElo "2328"]
[BlackElo "2228"]

1.e4 c5 2.Nf3 Nc6 3.Bb5 g6 4.O-O Bg7 5.Re1 Nf6 6.c3 O-O 7.h3 e5 8.d4 cxd4
9.cxd4 exd4 10.e5 Nd5 11.Bg5 Qc7 12.Qb3 Nb6 13.Bf4 Na5 14.Qd1 Nd5 15.Bg3 Qb6
16.Na3 Nc6 17.Bc4 Qxb2 18.Bxd5 Qxa3 19.Bb3 Qa5 20.Rc1 h6 21.Nh4 Kh7 22.f4 d6
23.exd6 f5 24.Nf3 Qd8 25.Ne5 Qxd6 26.h4 h5 27.Bf7 Bxe5 28.fxe5 Qa3 29.e6 Qxg3
30.e7 Bd7 31.exf8=Q Rxf8 32.Bd5 Qxh4 33.Qb3 Rb8 34.Qa3 Qf6 35.Rb1 Kh6 36.Qg3 f4
37.Qf3 Ne5 38.Qa3 Bc6 39.Qxa7 Rd8 40.Bxc6 bxc6 41.Qc7 Rd5 42.Rb8 d3 43.Re8 d2
44.Rd1 Ng4 45.Re2 Qd4+ 46.Kh1 Nf2+ 47.Rxf2 Qxf2 48.Qe7 Qe3  0-1

[Event "ch-POR"]
[Site "Vila Real POR"]
[Date "2005.08.07"]
[Round "5"]
[White "Pinheiro,J"]
[Black "Rocha,S"]
[Result "1-0"]
[WhiteElo "2362"]
[BlackElo "2409"]

1.e4 c5 2.Nf3 Nc6 3.Bb5 Na5 4.c3 a6 5.Ba4 c4 6.O-O g6 7.d4 cxd3 8.Qxd3 Bg7
9.Bf4 b5 10.Bb3 Nxb3 11.axb3 Bb7 12.e5 f5 13.Nd4 e6 14.Re1 h6 15.Qg3 Ne7
16.Na3 Kf7 17.h4 Qb6 18.Rad1 Rad8 19.c4 b4 20.Nac2 Bf8 21.Be3 Qc7 22.Nxb4 g5
23.hxg5 Ng6 24.Nd3 Be7 25.Nxf5 hxg5 26.Bxg5 Rdg8 27.Bxe7 Nh4 28.Bxh4 Rxg3
29.Bxg3 Ba8 30.Ne3 Rg8 31.Rd2 a5 32.Red1 Rg7 33.b4 axb4 34.Nxb4 Ke8 35.Nd3 Qa7
36.c5 Qa4 37.b4 Be4 38.Nc4 Bc6 39.Nd6+ Ke7 40.b5 Bxb5 41.Nxb5 Qxb5 42.Nf4 Ke8
43.Nh5 Rf7 44.Nf6+ Kd8 45.Nxd7 Kc7 46.Nf6 Qb3 47.Ra1 Kc6 48.Ne4 Rb7 49.Rd6+ Kc7
50.c6 Rb8 51.Nc5 Qc3 52.Nxe6+  1-0

[Event "FSGM August"]
[Site "Budapest HUN"]
[Date "2005.08.08"]
[Round "3"]
[White "Meszaros,T"]
[Black "Bellin,R"]
[Result "1/2-1/2"]
[WhiteElo "2408"]
[BlackElo "2399"]

1.e4 c5 2.Nf3 Nc6 3.Bb5 g6 4.O-O Bg7 5.Re1 Nf6 6.e5 Nd5 7.Nc3 Nc7 8.Bxc6 dxc6
9.d3 Bg4 10.h3 Bxf3 11.Qxf3 Ne6 12.Qd1 g5 13.Ne4 h6 14.h4 Qc7 15.hxg5 hxg5
16.Nxg5 Nxg5 17.Bxg5 Bxe5 18.Qg4 Rg8 19.Qf5 Bd6 20.Re2 Qd7 21.Qxd7+ Kxd7
22.Bd2 Rg6  1/2-1/2

[Event "92nd ch-GBR"]
[Site "Douglas IOM"]
[Date "2005.08.08"]
[Round "7"]
[White "Mason,D"]
[Black "Sowray,P"]
[Result "0-1"]
[WhiteElo "2265"]
[BlackElo "2364"]

1.e4 c5 2.Nf3 Nc6 3.Bb5 g6 4.Bxc6 dxc6 5.d3 Bg7 6.h3 Nf6 7.Nc3 Nd7 8.O-O e5
9.Be3 Qe7 10.Qd2 h6 11.a3 Nf8 12.b4 Ne6 13.Na4 b6 14.bxc5 b5 15.Nb2 f5 16.Qa5 f4
17.Bd2 h5 18.d4 exd4 19.Nd3 g5 20.Nfe5 Bxe5 21.Nxe5 Qxc5 22.Nd3 Qxc2 23.Nb4 Qxd2
24.Rac1 f3 25.g3 g4 26.Rxc6 O-O 27.Qxb5 Qh6 28.Nd5 Bd7 29.e5 Rae8 30.Nf6+ Rxf6
31.exf6 Qxf6 32.Re1 Bxc6 33.Qxc6 Qf7 34.hxg4 hxg4 35.Re4 Ng7 36.Rxg4 d3 37.Qc3 Rd8
38.Qd2 Qd7 39.Rh4 Qd6 40.Qa2+ Qe6 41.Qd2 Qe2 42.Qa5 Rd7 43.Rc4 d2  0-1

[Event "Ave-Kontakt Cup IMB"]
[Site "Olomouc CZE"]
[Date "2005.08.08"]
[Round "8"]
[White "Kraemer,Mar"]
[Black "Plat,V"]
[Result "1/2-1/2"]
[WhiteElo "2377"]
[BlackElo "1945"]

1.e4 c5 2.Nf3 Nc6 3.Bb5 d6 4.O-O g6 5.d4 cxd4 6.Qxd4 f6 7.Qd3 e6 8.Re1 Bd7
9.Bf4 a6 10.Bxc6 Bxc6 11.c4 Nh6 12.Nc3 Nf7 13.Qe2 Be7 14.Rac1 O-O 15.c5 e5
16.Be3 Qe8 17.cxd6 Bxd6 18.h4 Qe6 19.h5 f5 20.hxg6 hxg6 21.Bb6 Kg7 22.Nd5 Rh8
23.Rc3 f4 24.Nh2 Rh4 25.g3 Rxh2 26.Kxh2 Rh8+ 27.Kg1 Bb5 28.Rd3  1/2-1/2

[Event "Petrovskaya Ladya IM"]
[Site "Peterhof RUS"]
[Date "2005.08.09"]
[Round "11"]
[White "Doluhanova,E"]
[Black "Sudakova,I"]
[Result "0-1"]
[WhiteElo "2273"]
[BlackElo "2360"]

1.e4 c5 2.Nf3 Nc6 3.Bb5 g6 4.Bxc6 dxc6 5.d3 Bg7 6.Nc3 Bg4 7.h3 Bxf3 8.Qxf3 e5
9.Be3 b6 10.Qd1 Nf6 11.Qd2 O-O 12.Bh6 Nh5 13.Bxg7 Nxg7 14.O-O-O b5 15.h4 a5
16.Kb1 a4 17.Qe3 Ne6 18.g3 a3 19.b3 Qd4 20.Qxd4 cxd4 21.Ne2 f5 22.f4 c5 23.exf5 Rxf5
24.g4 Rf7 25.fxe5 Nf4 26.Nxf4 Rxf4 27.Rhg1 Re8 28.Rde1 Re6 29.Kc1 Kf7 30.Rgf1 Rxf1
31.Rxf1+ Ke7 32.b4 Rxe5 33.Kd2 cxb4 34.Rb1 Kd6 35.Rxb4 Kc5 36.Rb1 Re3 37.c3 Rh3
38.cxd4+ Kxd4 39.Rxb5 Rh2+ 40.Kc1 Rxa2 41.Rb7 Rh2 42.Rd7+ Kc3 43.Kb1 Rxh4
44.d4 Rxg4 45.d5 Kd4 46.d6 Kd5 47.Ka2 Rg3  0-1

[Event "92nd ch-GBR"]
[Site "Douglas IOM"]
[Date "2005.08.10"]
[Round "9"]
[White "Varnam,L"]
[Black "Fraser,J"]
[Result "1/2-1/2"]
[WhiteElo "2088"]
[BlackElo "1959"]

1.e4 c5 2.Nf3 Nc6 3.Bb5 Na5 4.c3 a6 5.Ba4 b5 6.Bc2 d6 7.h3 g6 8.O-O Bg7 9.d4 Qc7
10.b3 Bd7 11.Bb2 Rc8 12.Bd3 Nf6 13.Nbd2 O-O 14.Rc1 Qb6 15.dxc5 dxc5 16.c4 Rfd8
17.Qc2 Nh5 18.Bxg7 Nxg7 19.Rfd1 Nc6 20.a3 Ne6 21.Bf1 Ncd4 22.Nxd4 Nxd4 23.Qc3 e5
24.Nf3 Qf6 25.Nxd4 exd4 26.Qg3 Qb6  1/2-1/2

[Event "Open"]
[Site "Olomouc CZE"]
[Date "2005.08.10"]
[Round "8"]
[White "Zeberski,J"]
[Black "Pinter,E"]
[Result "1/2-1/2"]
[WhiteElo "2338"]
[BlackElo "2369"]

1.e4 c5 2.Nf3 Nc6 3.Bb5 g6 4.Bxc6 dxc6 5.d3 Bg7 6.O-O Nf6 7.Nc3 O-O 8.h3 Ne8
9.Be3 b6 10.Qd2 Nc7 11.Bh6 Ne6 12.Bxg7 Kxg7 13.a4 Nd4 14.Nxd4 cxd4 15.Ne2 c5
16.f4 e6 17.e5 Bb7 18.Ng3 Qd7 19.Rf2 h6 20.Qe2 f5 21.exf6+ Rxf6 22.Ne4 Rf7
23.Re1 Raf8 24.Qg4 Bxe4 25.Rxe4 Qxa4 26.Rxe6 Rf6 27.Re7+ R8f7 28.Rxf7+ Rxf7
29.f5 Rf6 30.Qe4 Qc6 31.Qe5 Qd6 32.Qe4  1/2-1/2

[Event "HZ Open"]
[Site "Vlissingen NED"]
[Date "2005.08.11"]
[Round "6"]
[White "Vedder,R"]
[Black "Fuchs,T"]
[Result "1-0"]
[WhiteElo "2216"]
[BlackElo "2080"]

1.e4 c5 2.Nf3 Nc6 3.Bb5 e6 4.O-O Nge7 5.c3 d5 6.exd5 Qxd5 7.d4 a6 8.c4 Qd8
9.Bxc6+ Nxc6 10.d5 Nb8 11.Nc3 Be7 12.Ne4 exd5 13.cxd5 Bf5 14.Ng3 Bg6 15.h4 f6
16.Bf4 Qd7 17.d6 Bd8 18.Re1+ Kf8 19.Rc1 b6 20.b4 Nc6 21.bxc5 Bf7 22.cxb6 Bxb6
23.Qa4 Ne5 24.Qxd7 Nxd7 25.Re7 Nc5 26.Rc7 Bxa2 27.R1xc5 Bxc5 28.Rxc5 Kf7
29.Rc7+ Ke6 30.Re7+ Kd5 31.d7 Kc6 32.Nd4+ Kc5 33.Be3 Kd6 34.Ngf5+ Kc7 35.d8=Q+  1-0

[Event "FSGM August"]
[Site "Budapest HUN"]
[Date "2005.08.12"]
[Round "7"]
[White "Seres,L"]
[Black "Berczes,D"]
[Result "1/2-1/2"]
[WhiteElo "2429"]
[BlackElo "2495"]

1.e4 c5 2.Nf3 Nc6 3.Bb5 g6 4.O-O Bg7 5.c3 Nf6 6.e5 Nd5 7.d4 cxd4 8.cxd4 O-O
9.Nc3 Nc7 10.Bf4 Nxb5 11.Nxb5 a6  1/2-1/2

[Event "ch-AUT Qualifier"]
[Site "Gmunden AUT"]
[Date "2005.08.13"]
[Round "1"]
[White "Gruber,G"]
[Black "Schmidlechner,A"]
[Result "0-1"]
[WhiteElo "2102"]
[BlackElo "2267"]

1.e4 c5 2.Nf3 Nc6 3.Bb5 g6 4.O-O Bg7 5.Bxc6 dxc6 6.d3 Nf6 7.Nc3 Bg4 8.h3 Bxf3
9.Qxf3 O-O 10.Be3 Qd6 11.Qe2 Nh5 12.Qd2 e5 13.Ne2 f5 14.Qc3 b6 15.Qc4+ Kh8
16.exf5 gxf5 17.f4 Rae8 18.Rae1 exf4 19.Nxf4 Nxf4 20.Bxf4 Qd4+ 21.Qxd4 Bxd4+
22.Kh2 Bxb2 23.Bh6 Bg7 24.Bf4 Kg8 25.Kg3 Kf7 26.Bd6 Rxe1 27.Rxe1 Rd8 28.Be5 Re8
29.Kf4 Kg6 30.Bc3 Bh6+ 31.Kf3 Rxe1 32.Bxe1 Kf6 33.Bg3 Ke6 34.Bb8 Kd7 35.Bf4 Bg7
36.Bg5 a6 37.Kf4 Ke6 38.Bd8 Bh6+ 39.Kf3 b5 40.Bc7 Kd5 41.Bf4 Bg7 42.Bg5 c4
43.Ke3 c5 44.Bf4 a5 45.g4 fxg4 46.hxg4 a4 47.Kd2 Bb2 48.Bh6 b4 49.Bf8 Bf6
50.Bh6 cxd3 51.Kxd3 Bc3 52.Bf8 c4+ 53.Ke3 a3  0-1

[Event "Independence Cup A"]
[Site "Kiev UKR"]
[Date "2005.08.13"]
[Round "2"]
[White "Dolzhikova,K"]
[Black "Meleshko,M"]
[Result "1-0"]
[WhiteElo "2248"]
[BlackElo "2052"]

1.e4 c5 2.Nf3 Nc6 3.Bb5 g6 4.O-O Bg7 5.Qe2 e5 6.Qc4 Qe7 7.d3 Nh6 8.Bxc6 dxc6
9.Be3 b6 10.b4 Ng4 11.Bc1 a5 12.bxc5 b5 13.Qc3 b4 14.Qb2 Qxc5 15.h3 Nf6 16.Nbd2 Nd7
17.Nc4 O-O 18.Be3 Qe7 19.a3 Bb7 20.c3 c5 21.Rab1 Ba6 22.axb4 axb4 23.cxb4 Rfb8
24.Bd2 Qe6 25.Qc2 cxb4 26.Bxb4 Rc8 27.Rfc1 Nb6 28.Ra1 Bb5 29.Nxb6 Rxa1 30.Nxc8 Bxd3
31.Ne7+ Kh8 32.Rxa1 Bxc2 33.Ra8+ Bf8 34.Rxf8+ Kg7 35.Rg8+ Kh6 36.Bd2+  1-0

[Event "Masters"]
[Site "Abu Dhabi UAE"]
[Date "2005.08.14"]
[Round "1"]
[White "Aryanejad,H"]
[Black "Bocharov,D"]
[Result "0-1"]
[WhiteElo "2288"]
[BlackElo "2574"]

1.e4 c5 2.Nf3 Nc6 3.Bb5 g6 4.Bxc6 dxc6 5.O-O Bg7 6.d3 Nf6 7.Nc3 Bg4 8.h3 Bxf3
9.Qxf3 O-O 10.Be3 Nd7 11.Qg3 e5 12.Rae1 Qe7 13.f4 exf4 14.Bxf4 Qe6 15.Qh4 Rfe8
16.Bh6 Bh8 17.Kh1 c4 18.e5 cxd3 19.cxd3 Bxe5 20.d4 Bf6 21.Bg5 Bxg5 22.Qxg5 Qxe1
23.Rxe1 Rxe1+ 24.Kh2 Rae8 25.Qa5 Nf6 26.Qxa7 R8e7 27.Qa5 Kg7 28.Qg5 Rf1 29.d5 Rf5
30.Qh4 cxd5 31.Qb4 Re6 32.Qxb7 d4 33.Nb5 Rd5 34.a4 d3 35.Nc3 d2 36.Nd1 Re1
37.Qb3 Rc5 38.Nf2 Rf5 39.Nd1 Rff1 40.Nc3 Rc1  0-1

[Event "TCh-ESP Premier North"]
[Site "Barcelona ESP"]
[Date "2005.08.14"]
[Round "6"]
[White "Larino Nieto,D"]
[Black "Anguera Maestro,J"]
[Result "0-1"]
[WhiteElo "2350"]
[BlackElo "2183"]

1.e4 c5 2.Nf3 Nc6 3.Bb5 d6 4.d4 cxd4 5.Qxd4 Bd7 6.Bxc6 Bxc6 7.Nc3 e5 8.Qd3 Nf6
9.Bg5 Be7 10.O-O-O Qa5 11.Kb1 O-O-O 12.Qc4 Rd7 13.b4 Qb6 14.b5 Rc7 15.Be3 Qa5
16.bxc6 Rxc6 17.Qxf7 Qxc3 18.Bd2 Rb6+ 19.Qb3 Rxb3+ 20.axb3 Qc6 21.Be3 Nxe4
22.Rd3 Kb8 23.Kb2 Rc8 24.c4 Nc5 25.Rc3 Bf6 26.Rd1 Qb6 27.Kc2 Qb4 28.Rd5 Rc6
29.Bd2 Qa3 30.Rcd3 Qa2+ 31.Kd1 Nxb3 32.Bb4 Rxc4 33.Bxd6+ Ka8 34.Nd2 Qa1+
35.Ke2 Nd4+ 36.Ke3  0-1

[Event "14th Open"]
[Site "Kavala GRE"]
[Date "2005.08.14"]
[Round "4"]
[White "Dzhumaev,M"]
[Black "Stamenkov,V"]
[Result "1-0"]
[WhiteElo "2531"]
[BlackElo "2391"]

1.e4 c5 2.Nf3 Nc6 3.Bb5 g6 4.O-O Bg7 5.c3 Nf6 6.Re1 O-O 7.e5 Nd5 8.d4 cxd4
9.cxd4 d6 10.Nc3 Nxc3 11.bxc3 a6 12.Bxc6 bxc6 13.Qa4 Qc7 14.exd6 exd6 15.Bf4 c5
16.dxc5 Qxc5 17.Rad1 d5 18.Be5 Bxe5 19.Rxe5 Qxc3 20.Qh4 Kg7 21.h3 Be6 22.Rd4 Rae8
23.Ra4 f6 24.Re3 Qc1+ 25.Re1 Qc8 26.Rd1 Bf7 27.Nd4 Re4 28.Qg3 Rfe8 29.Kh2 Re1
30.Rxe1 Rxe1 31.Qd6 Qc1 32.Nf3 Re6 33.Qd7 Re4 34.Rxa6 Qf4+ 35.Kg1 Rc4 36.Ne1 Re4
37.Nd3 Qf5 38.Qxf5 gxf5 39.g3 Rc4 40.Ra7 d4 41.a4 Kf8 42.Nf4 Be8 43.a5 Bc6
44.Kf1 d3 45.Nxd3 Bb5 46.Kg1 Rc2 47.Nf4 Bc6 48.Kf1 Bf3 49.Ke1 Ra2 50.Ne6+ Ke8
51.Nd4 Be4 52.Ne2 Bf3 53.Nc3 Rc2 54.Rc7 Kd8 55.Rc5 Bb7 56.h4 Kd7 57.Na4 Ra2
58.Nb6+ Ke6 59.Nc4 Bf3 60.Ne3 Re2+ 61.Kf1 Ra2 62.Nc2 Kd6 63.Rc3 Be4 64.Na3 Bb7
65.Nc4+ Kc5 66.Ra3 Ba6 67.Rxa2 Bxc4+ 68.Re2 Kb5 69.Ke1 Bxe2 70.Kxe2 Kxa5
71.Ke3 Kb6 72.Kf4  1-0

[Event "LAT-LIT Match"]
[Site "Liepaja LAT"]
[Date "2005.08.14"]
[Round "1"]
[White "Kozjukova,O"]
[Black "Potapova,J"]
[Result "1/2-1/2"]
[WhiteElo "1986"]
[BlackElo "1991"]

1.e4 c5 2.Nf3 Nc6 3.Bb5 e6 4.Bxc6 bxc6 5.O-O Ne7 6.d3 Ng6 7.e5 d6 8.exd6 Bxd6
9.Nbd2 O-O 10.Ne4 Be7 11.Be3 Qa5 12.h4 f5 13.Neg5 Bf6 14.d4 cxd4 15.Bxd4 Rd8
16.c3 c5 17.b4 Qa3 18.bxc5 e5 19.Qc2 exd4 20.cxd4 Ba6 21.Qxf5 Bc4 22.Rfc1 Qd3
23.Qg4 Bxg5 24.Qxg5 Rd5 25.Qg4 Rf8 26.h5 Nf4 27.Ne5 Ne2+ 28.Kh1 Rxe5 29.dxe5 Nxc1
30.Rxc1 Bxa2 31.e6 Qf5 32.Qxf5 Rxf5 33.e7 Rxh5+ 34.Kg1 Kf7 35.c6 Be6 36.c7 Bc8
37.Rd1 Kxe7 38.Rd8 Be6 39.c8=Q Bxc8 40.Rxc8 a5 41.Rc7+ Kf6 42.Ra7 Rb5 43.Kh2 h5
44.f3 g5 45.Kg3 Ke6 46.Rg7 a4 47.Rg6+ Kf7 48.Ra6 Rb4 49.Kh3 Ke7 50.Kg3 Kd7
51.Ra5 Kc6 52.Rxg5 Rb5 53.Rg8 Kb7 54.Rd8 a3 55.Rd1  1/2-1/2

[Event "HZ Open"]
[Site "Vlissingen NED"]
[Date "2005.08.14"]
[Round "9"]
[White "Stellwagen,D"]
[Black "Ikonnikov,Vy"]
[Result "1-0"]
[WhiteElo "2533"]
[BlackElo "2560"]

1.e4 c5 2.Nf3 Nc6 3.Bb5 g6 4.O-O Bg7 5.Re1 e5 6.b4 cxb4 7.a3 Nge7 8.axb4 O-O
9.Bxc6 dxc6 10.d3 Qc7 11.Nbd2 Be6 12.Ng5 Bd7 13.Bb2 b6 14.Nc4 f6 15.Nf3 Be6
16.Ne3 Rad8 17.Ra3 Nc8 18.Qa1 Qe7 19.d4 exd4 20.Nxd4 Bd7 21.b5 c5 22.Nd5 Qd6
23.Nc6 Bxc6 24.bxc6 Qxc6 25.Rxa7 Rde8 26.Rc7 Qe6 27.Re3 Nd6 28.Rxg7+ Kxg7
29.Nxf6 Rxf6 30.e5 Qf5 31.exf6+ Kf8 32.Qd1 Ne4 33.Rf3 Qc8 34.f7 Rd8 35.Qa1 Ke7
36.Bg7  1-0

[Event "Masters"]
[Site "Abu Dhabi UAE"]
[Date "2005.08.15"]
[Round "2"]
[White "Coleman,J"]
[Black "Muralidharan,M"]
[Result "1/2-1/2"]
[WhiteElo "2206"]
[BlackElo "2329"]

1.e4 c5 2.Nf3 Nc6 3.Bb5 g6 4.Bxc6 dxc6 5.d3 Bg7 6.h3 Nf6 7.O-O O-O 8.Nc3 Nd7
9.Be3 e5 10.Qd2 Qe7 11.Bh6 Re8 12.Bxg7 Kxg7 13.Nh2 Nf6 14.f4 exf4 15.Rxf4 Be6
16.Raf1 Nd7 17.Ng4 Bxg4 18.Rxf7+ Qxf7 19.Rxf7+ Kxf7 20.Qf4+ Kg7 21.Qxg4 Re7
22.Ne2 Rae8 23.Ng3 Kh8 24.Qg5 b6 25.a3 Re5 26.Qd2 Nf6 27.Qc3 Kg7 28.Nf1 h6
29.Ne3 Kh7 30.a4 R5e6 31.a5 Nd7 32.axb6 axb6 33.Ng4 h5 34.Ne3 R8e7 35.b4 cxb4
36.Qxb4 b5 37.c4 bxc4 38.Nxc4 Ne5 39.Nb2 g5 40.d4 Ng6 41.e5 Nf4 42.Na4 Rg7
43.Nc5 Reg6 44.Ne4 Nd5 45.Qf8 Rg8 46.Qf7+ R8g7 47.Qf5 Kh6 48.Qf8 Kh7 49.Ng3 h4
50.Nf5 Rb7 51.Nd6 Rb4 52.Kh2 Ne3 53.Qf7+ Rg7 54.Qh5+ Kg8 55.Qe8+ Kh7 56.Qxc6 Nf1+
57.Kg1 Ng3 58.Kf2 Rb2+ 59.Kf3 g4+ 60.hxg4 Rb3+ 61.Kf2 Rb2+ 62.Ke3 Rxg4 63.Qd7+ Rg7
64.Qd8 Nf1+ 65.Ke4 Rg4+ 66.Kd5 Ne3+ 67.Kc6 Rc2+ 68.Kd7 Rg7+ 69.Ke6 Rg6+ 70.Kd7 Rg7+
71.Ke6 Rg6+ 72.Kd7  1/2-1/2

[Event "Masters"]
[Site "Abu Dhabi UAE"]
[Date "2005.08.15"]
[Round "2"]
[White "Ghaem Maghami,E"]
[Black "Rausis,I"]
[Result "1/2-1/2"]
[WhiteElo "2603"]
[BlackElo "2498"]

1.e4 c5 2.Nf3 Nc6 3.Bb5 g6 4.O-O Bg7 5.Re1 Nf6 6.c3 O-O 7.h3 e5 8.d3 d6 9.Be3 Bd7
10.Nbd2 Kh8 11.a3 Ng8 12.Nc4 a6 13.Bxc6 Bxc6 14.b4 b6 15.bxc5 bxc5 16.d4 exd4
17.cxd4 Bxe4 18.dxc5 dxc5 19.Bxc5 Qxd1 20.Raxd1 Bxf3 21.Bxf8 Bxd1  1/2-1/2

[Event "Masters"]
[Site "Abu Dhabi UAE"]
[Date "2005.08.15"]
[Round "2"]
[White "Kayumov,S"]
[Black "Grigoriants,S RUS"]
[Result "1/2-1/2"]
[WhiteElo "2405"]
[BlackElo "2562"]

1.e4 c5 2.Nf3 Nc6 3.Bb5 d6 4.O-O Bd7 5.Re1 Nf6 6.c3 a6 7.Bf1 Bg4 8.d3 e6
9.Nbd2 d5 10.h3 Bh5 11.g4 Bg6 12.Nh4 Bd6 13.Nf5 Ne7 14.f4 O-O 15.Nf3 Qc7
16.Ng5 Qd8  1/2-1/2

[Event "ch-AUT Qualifier"]
[Site "Gmunden AUT"]
[Date "2005.08.15"]
[Round "3"]
[White "Schwab,R"]
[Black "Srienz,C"]
[Result "1/2-1/2"]
[WhiteElo "2273"]
[BlackElo "2299"]

1.e4 c5 2.Nf3 Nc6 3.Bb5 g6 4.O-O Bg7 5.Re1 e5 6.a3 Nge7 7.b4 cxb4 8.axb4 O-O
9.Bc4 Qc7 10.c3 d6 11.Qb3 h6 12.Na3 Bg4 13.Re3 a6 14.h3 Bd7 15.Bb2 b5 16.Bf1 Be6
17.Qd1 f5 18.c4 fxe4 19.cxb5 exf3 20.bxc6 fxg2 21.Bxg2 Nd5 22.Rg3 Nf4 23.d4 Qf7
24.dxe5 dxe5 25.Qc2 Rac8 26.Re1 Bf5 27.Qc4 Nxg2 28.Qxf7+ Rxf7 29.Kxg2 Rxc6
30.Bxe5 Re7 31.Rge3 Bxe5 32.Rxe5 Rxe5 33.Rxe5 Rc3 34.Ra5 Bxh3+ 35.Kh2 Bf1
36.b5 axb5 37.Nxb5 Rf3 38.Kg1 Bxb5 39.Rxb5 Kg7 40.Kg2 Rf5 41.Rb6 g5 42.Kg3 h5
43.Rb4 Kg6 44.f4 g4 45.Rb6+ Rf6 46.Rb5 Kh6 47.Kh4 Rxf4 48.Rxh5+ Kg6 49.Rg5+ Kf6
50.Rxg4 Rxg4+ 51.Kxg4  1/2-1/2

[Event "ch-AUT"]
[Site "Gmunden AUT"]
[Date "2005.08.15"]
[Round "5"]
[White "Volkmann,F"]
[Black "Lehner,O"]
[Result "1/2-1/2"]
[WhiteElo "2429"]
[BlackElo "2428"]

1.e4 c5 2.Nf3 Nc6 3.Bb5 d6 4.O-O Bd7 5.d4 cxd4 6.Nxd4 Nf6 7.Re1 g6 8.Nxc6 Bxc6
9.Bxc6+ bxc6 10.Qf3 Qc7 11.Bf4 Nh5 12.Bd2 Bg7 13.Bc3  1/2-1/2

[Event "Masters"]
[Site "Abu Dhabi UAE"]
[Date "2005.08.16"]
[Round "3"]
[White "Muralidharan,M"]
[Black "Nadig,K"]
[Result "1-0"]
[WhiteElo "2329"]
[BlackElo "2198"]

1.e4 c5 2.Nf3 Nc6 3.Bb5 g6 4.O-O Bg7 5.c3 Nf6 6.e5 Nd5 7.d4 Nc7 8.a4 O-O
9.Re1 cxd4 10.cxd4 a6 11.Bxc6 dxc6 12.h3 Be6 13.Nc3 Bd5 14.Nxd5 Qxd5 15.Ra3 b5
16.Bd2 Ne6 17.Bb4 Rfe8 18.axb5 cxb5 19.Qd2 Bf8 20.Rea1 Red8 21.Rxa6 Rxa6
22.Rxa6 Nxd4 23.Qxd4 Qxd4 24.Nxd4 Rxd4 25.Bc5 Rd1+ 26.Kh2 Rd8 27.Rb6 Bg7
28.f4 Bh6 29.g3 Bf8 30.Rxb5 e6 31.Bf2 Rd2 32.Kg2 Be7 33.Kf3 Kg7 34.Rb7 Bf8
35.Be3 Rc2 36.g4 Rh2 37.Kg3 Re2 38.Bd4 Re4 39.Rd7 Kg8 40.Kf3 Re1 41.Bf2 Rf1
42.Kg2 Rb1 43.Rb7 Ba3 44.Rb3 Be7 45.Rb6 Rc1 46.Rb7 Kf8 47.Rb8+ Kg7 48.Re8 Rc7
49.Kf3 Rb7 50.Bd4 f5 51.Ra8 Rb3+ 52.Bc3 Rb7 53.Ra4 fxg4+ 54.hxg4 h5 55.gxh5 gxh5
56.f5 exf5 57.Kf4 h4 58.Kxf5 h3 59.Rg4+ Kf8 60.Rg3 Bb4 61.Rxh3 Bxc3 62.bxc3  1-0

[Event "14th Open"]
[Site "Kavala GRE"]
[Date "2005.08.16"]
[Round "6"]
[White "Panagiotopolous,A"]
[Black "Stamenkov,V"]
[Result "0-1"]
[WhiteElo "2137"]
[BlackElo "2391"]

1.e4 c5 2.Nf3 Nc6 3.Bb5 g6 4.O-O Bg7 5.c3 e5 6.d4 exd4 7.cxd4 Nxd4 8.Nc3 Ne7
9.Bg5 h6 10.Bh4 O-O 11.Nxd4 cxd4 12.Nd5 g5 13.Bg3 Nxd5 14.exd5 d6 15.f4 f5
16.Re1 Bd7 17.Bxd7 Qxd7 18.Bf2 Rae8 19.Rxe8 Rxe8 20.Bxd4 Re4 21.Bxg7 Qxg7
22.Rc1 Rxf4 23.Rc8+ Kh7 24.h3 Re4 25.Qc1 Kg6 26.Qc3 Rd4 27.Qe3 Rd1+ 28.Kh2 Qe5+
29.Qxe5 dxe5 30.Rc7 e4 31.Rxb7 e3 32.Re7 f4 33.Re5 Kf6 34.Re6+ Kf7 35.Re5 h5
36.g3 Kf6 37.gxf4 gxf4 38.Re6+ Kf5 39.Kg2 Rxd5 40.Re7 Rd2+ 41.Kf1 Rxb2  0-1

[Event "Masters"]
[Site "Abu Dhabi UAE"]
[Date "2005.08.17"]
[Round "4"]
[White "Amer,Moh"]
[Black "Ahmed,I"]
[Result "1-0"]
[WhiteElo "2223"]
[BlackElo "2079"]

1.e4 c5 2.Nf3 Nc6 3.Bb5 g6 4.O-O Bg7 5.c3 e5 6.d4 cxd4 7.cxd4 exd4 8.e5 Nge7
9.Re1 O-O 10.Bg5 Qb6 11.Na3 Re8 12.Nc4 Qxb5 13.Nd6 Qa5 14.Nxe8 Nf5 15.g4 Nfe7
16.Nxg7 Kxg7 17.Bf6+ Kf8 18.Nxd4 Nd5 19.Nb3 Qb5 20.a4 Qc4 21.Rc1 Qxa4 22.Qxd5 Qxg4+
23.Qg2 Qb4 24.Re3 b6 25.Qg5  1-0

[Event "Masters"]
[Site "Abu Dhabi UAE"]
[Date "2005.08.17"]
[Round "4"]
[White "Potkin,V"]
[Black "Mahjoob,M"]
[Result "1-0"]
[WhiteElo "2534"]
[BlackElo "2442"]

1.e4 c5 2.Nf3 Nc6 3.Bb5 Qb6 4.Nc3 e6 5.O-O Nge7 6.d3 Nd4 7.Ba4 Nec6 8.Rb1 Be7
9.Bxc6 bxc6 10.Be3 Bf6 11.Nd2 Qc7 12.f4 d6 13.Na4 e5 14.Nc4 Qe7 15.fxe5 dxe5
16.c3 Ne6 17.Qf3 Ba6 18.Qf2 Rd8 19.Rfd1 O-O 20.Nxc5 Bxc4 21.dxc4 Nf4 22.b4 Bg5
23.Qf3 g6 24.Kh1 h6 25.Bg1 Kh7 26.a4 Bf6 27.a5 Bg7 28.b5 cxb5 29.cxb5 f5
30.b6 axb6 31.axb6 fxe4 32.Qxe4 Ne6  1-0

[Event "Ada Open"]
[Site "Belgrade SCG"]
[Date "2005.08.17"]
[Round "3"]
[White "Toth,Al"]
[Black "Vrbljanac,T"]
[Result "1/2-1/2"]
[WhiteElo "2262"]
[BlackElo "2195"]

1.e4 c5 2.Nf3 Nc6 3.Bb5 g6 4.Bxc6 dxc6 5.d3 Bg7 6.h3 Nf6 7.Nc3 O-O 8.Be3 Nd7
9.Qd2 Re8 10.Bh6 Bh8 11.O-O Nf8 12.Rae1 e5 13.Nh2 Be6 14.b3 Qa5 15.Na4 Qxd2
16.Bxd2 b6 17.Bc3 Nd7 18.Nf3 h6 19.Nb2 Bg7 20.Rd1 Kh7 21.Nc4 f6 22.g4 Bf8
23.Ne3 Bd6 24.Kg2 Nf8 25.h4 Rad8 26.h5 gxh5 27.gxh5 Bf7 28.Nf5 Ne6 29.Rh1 Nf4+
30.Kf1 Bxh5 31.N5h4 Rg8 32.Bd2 Bxf3 33.Nxf3 Rg4 34.Nh4 Rdg8 35.Nf5 Bf8 36.Bxf4 Rxf4
37.Rh2 Rfg4 38.Ke2 Rg1 39.Rh1 Rxd1 40.Rxd1 Kg6 41.Rg1+ Kf7 42.Rxg8 Kxg8 43.Kf3 Kf7
44.Kg4 Kg6 45.Nh4+ Kf7 46.Kh5 b5 47.c4 bxc4 48.dxc4 Bd6 49.Kxh6 Bc7 50.Nf5 Ba5
51.Kh5 Be1 52.f3 Bd2 53.Kg4 Bc1 54.Ng3 Ke6 55.Nf5 Bd2 56.Kg3 Ba5 57.Kf2 Bd2
58.Ke2 Bc1 59.Kd3 Ba3 60.Ne3 Bc1 61.Nf5 Ba3 62.Kc2 Kd7 63.Ne3 Kd6 64.Kd2 Ke6
65.Nc2 Bb2 66.Ne3 Bd4 67.Nf5 Bb2 68.Kc2 Ba3 69.Kd2 Bb4+ 70.Ke2 Bc3 71.Kf2 Bd2
72.Kg3 Bc1 73.Kg4 Bd2 74.Kh5 Kf7 75.Nh4 Bg5 76.Nf5 Bd2 77.Kg4 Ke6 78.Ng7+  1/2-1/2

[Event "ch-AUT Qualifier"]
[Site "Gmunden AUT"]
[Date "2005.08.17"]
[Round "5"]
[White "Kuba,G"]
[Black "Kreisl,R"]
[Result "1/2-1/2"]
[WhiteElo "2383"]
[BlackElo "2272"]

1.e4 c5 2.Nf3 Nc6 3.Bb5 g6 4.Bxc6 dxc6 5.d3 Bg7 6.h3 Nf6 7.Nc3 Nd7 8.Be3 e5
9.Qd2 Qe7 10.Bh6 f6 11.Bxg7 Qxg7 12.Ne2 Nf8 13.Nh2 Ne6 14.f4 exf4 15.Nxf4 O-O
16.O-O  1/2-1/2

[Event "Independence Cup A"]
[Site "Kiev UKR"]
[Date "2005.08.17"]
[Round "6"]
[White "Dolzhikova,K"]
[Black "Shalimov,V UKR"]
[Result "1/2-1/2"]
[WhiteElo "2248"]
[BlackElo "2426"]

1.e4 c5 2.Nf3 Nc6 3.Bb5 g6 4.O-O Bg7 5.Qe2 d6 6.c3 Bd7 7.h3 a6 8.Ba4 e5 9.d3 Nge7
10.Nbd2 O-O 11.Bb3 h6 12.Nc4 Be6 13.a4 Rb8 14.Nfd2 b5 15.axb5 axb5 16.Ne3 Bxb3
17.Nxb3 Qd7 18.Bd2 f5 19.exf5 gxf5 20.Qf3 e4 21.dxe4 Ne5 22.Qh5 fxe4 23.Ng4 Nxg4
24.hxg4 Qe6 25.Ra7 Rf7 26.Na5 Rbf8 27.Rb7 e3 28.Bxe3 Qxe3 29.Qxf7+ Rxf7 30.fxe3 Rxf1+
31.Kxf1 Nd5 32.Ke2 b4 33.e4 Nf4+ 34.Ke3 Nxg2+ 35.Kf3 bxc3 36.Kxg2 c2 37.Rxg7+ Kxg7
38.Nb3 Kf6 39.Kf3 c4 40.Nc1 Kg6 41.Kf4 Kf6 42.Ne2 Kg6 43.Kg3 Kf6 44.Kf3 Kg5
45.Kg3 Kf6 46.Kf4 Kg6 47.Nc1 Kf6 48.Na2 Kg6 49.Nc1 Kf6 50.Ne2 Kg6 51.Nc1 Kf6
52.Na2 Kg6 53.Nc1  1/2-1/2

[Event "ch-AUT Qualifier"]
[Site "Gmunden AUT"]
[Date "2005.08.18"]
[Round "6"]
[White "Knoll,H"]
[Black "Kreisl,R"]
[Result "1/2-1/2"]
[WhiteElo "2355"]
[BlackElo "2272"]

1.e4 c5 2.Nf3 Nc6 3.Bb5 g6 4.O-O Bg7 5.c3 Nf6 6.Qe2 O-O 7.e5 Ne8 8.d4 cxd4
9.cxd4 Nc7 10.Ba4 d6 11.h3 dxe5 12.dxe5 Nd4 13.Qe4 Nxf3+ 14.Qxf3 Qd5 15.Qxd5 Nxd5
16.Bb3 Be6 17.Bxd5 Bxd5 18.Nc3 Bc6 19.Re1 Rfd8 20.Bg5 Kf8 21.Re2 Rac8  1/2-1/2